Statistiques concernant Personnages célèbres - Série 36

Cliquez ici pour prendre le quiz!

Statistiques générales

  • Ce quiz a été pris 91 fois
  • Le résultat moyen est 8 sur 15

Statistiques - réponses

Réponse% Correct
Stromae
94%
Michaël Youn
77%
John Travolta
77%
Tina Turner
71%
Christophe Willem
70%
Robbie Williams
69%
Ophélie Winter
63%
Charles Trenet
61%
Rika Zaraï
53%
Cary Grant
40%
Fabienne Thibeault
34%
Bonnie Tyler
34%
Donna Summer
14%
Hervé Vilard
11%
Kim Wilde
6%

Distribution des résultats

Percentile par nombre de réponses

% des personnes avec chaque résultat

Votre développement - résultats

Vous n’avez pas pris ce quiz